[Event "C.to Provinciale FM"]
[Site "Porto Sant'Elpidio ITA"]
[Date "2011.01.22"]
[Round "1"]
[White "Miandro, Roberto"]
[Black "Santinelli, Michele"]
[Result "1-0"]
[WhiteElo "2070"]
[BlackElo "1781"]
[PlyCount "67"]
[EventDate "2011.01.22"]

1. c4 e5 2. Nc3 Nf6 3. Nf3 Nc6 4. g3 d5 5. cxd5 Nxd5 6. d3 Bb4 7. Bd2 Be6 8.
Bg2 h6 9. O-O Nxc3 10. bxc3 Bc5 11. Qa4 O-O 12. Qb5 Qd6 13. a4 Rab8 14. Qb2
Rfe8 15. Rfb1 Bg4 16. Rd1 Qf6 17. h3 Bh5 18. g4 Bg6 19. Be1 e4 20. dxe4 Bxe4
21. Qb5 Bd6 22. Bd2 a6 23. Qh5 Bg6 24. Qh4 Qxh4 25. Nxh4 Rxe2 26. Nxg6 fxg6 27.
Be3 Ne5 28. Rab1 b5 29. axb5 Rxb5 30. Ra1 Rbb2 31. Rxa6 Nc4 32. Bd5+ Kf8 33.
Ra8+ Ke7 34. Bxc4 1-0

[Event "C.to Provinciale FM"]
[Site "Porto Sant'Elpidio ITA"]
[Date "2011.01.22"]
[Round "1"]
[White "Piergentili, Roberto"]
[Black "Allegranti, Luca"]
[Result "0-1"]
[WhiteElo "1776"]
[BlackElo "2033"]
[PlyCount "116"]
[EventDate "2011.01.22"]

1. d4 f5 2. c4 Nf6 3. Nc3 g6 4. g3 Bg7 5. Bg2 O-O 6. e3 Qe8 7. Nf3 d6 8. Qb3 c6
9. O-O Na6 10. Rd1 h6 11. Qa3 Qf7 12. Nd2 Nc7 13. b4 a6 14. Na4 Be6 15. Nb6
Rad8 16. Bb2 Ne4 17. Qd3 d5 18. cxd5 Nxd5 19. Nxd5 Bxd5 20. Qe2 Nxd2 21. Bxd5
Qxd5 22. Rxd2 e5 23. Rad1 e4 24. Rc2 Qxa2 25. Ba1 Qe6 26. Qc4 Qxc4 27. Rxc4 Rd5
28. Bb2 Rfd8 29. Ra1 g5 30. Kf1 Kf7 31. Ke2 g4 32. h3 h5 33. Rcc1 Rb5 34. Bc3
Bf8 35. Rab1 Kg6 36. hxg4 fxg4 37. Rh1 Be7 38. Rhc1 Rf8 39. Be1 h4 40. gxh4
Bxh4 41. Rc5 Rf5 42. Rc4 a5 43. d5 cxd5 44. Rc8 Rf7 45. Rg8+ Kf5 46. Bc3 Bf6
47. Bd2 axb4 48. Rh1 b3 49. Kd1 Rc7 50. Rh5+ Ke6 51. Bc1 b2 52. Bxb2 Rxb2 53.
Re8+ Kf7 54. Rb8 Rxf2 55. Rh7+ Bg7 56. Rd8 g3 57. Rxd5 g2 58. Rg5 Kg8 0-1

[Event "C.to Provinciale FM"]
[Site "Porto Sant'Elpidio ITA"]
[Date "2011.01.22"]
[Round "1"]
[White "Ripa', Daniele"]
[Black "Silvestri, Giorgio"]
[Result "1-0"]
[WhiteElo "1921"]
[BlackElo "1749"]
[PlyCount "81"]
[EventDate "2011.01.22"]

1. e4 e6 2. d3 d5 3. Nd2 Nf6 4. Ngf3 dxe4 5. dxe4 Be7 6. g3 b6 7. Qe2 Ba6 8. c4
Nc6 9. Bg2 e5 10. O-O O-O 11. b3 Bd6 12. Bb2 Qe7 13. Rfe1 Rad8 14. Nf1 Bb7 15.
Ne3 g6 16. Nd5 Nxd5 17. exd5 Nb4 18. a3 Na6 19. Bxe5 Bxa3 20. Rxa3 Qxa3 21. Bf6
Qd6 22. Be7 Qd7 23. Qe5 Nc5 24. Qf6 Rde8 25. Nd4 Rxe7 26. Rxe7 Qd8 27. b4 Nd7
28. Qg5 f6 29. Qe3 Ne5 30. Rg7+ Kxg7 31. Ne6+ Kf7 32. Nxd8+ Rxd8 33. f4 Re8 34.
fxe5 Rxe5 35. Qh6 Kg8 36. Bh3 f5 37. Qf4 Re7 38. Kf2 a5 39. bxa5 bxa5 40. Qd2
Ba6 41. Bf1 1-0

[Event "C.to Provinciale FM"]
[Site "Porto Sant'Elpidio ITA"]
[Date "2011.01.22"]
[Round "1"]
[White "Fornelli, Marco"]
[Black "Guglielmi, Dante"]
[Result "0-1"]
[WhiteElo "1609"]
[BlackElo "1911"]
[PlyCount "58"]
[EventDate "2011.01.22"]

1. d4 d5 2. Nf3 Nf6 3. e3 Bf5 4. c4 e6 5. Nbd2 h6 6. b3 Be7 7. Bb2 O-O 8. cxd5
exd5 9. Be2 Nbd7 10. O-O Ne4 11. Nxe4 Bxe4 12. Nd2 Bg6 13. a3 Nf6 14. f3 Re8
15. Re1 Bd6 16. Bf1 Re6 17. Bc1 Qe7 18. Nb1 c5 19. Bd3 Bxd3 20. Qxd3 cxd4 21.
Qxd4 Be5 22. Qd3 Bxa1 23. Bd2 Rc8 24. Bb4 Qc7 25. Nd2 Be5 26. a4 Bxh2+ 27. Kh1
Bd6 28. Bxd6 Rxd6 29. e4 dxe4 0-1

[Event "C.to Provinciale FM"]
[Site "Porto Sant'Elpidio ITA"]
[Date "2011.01.22"]
[Round "1"]
[White "Giobbi, Costantino"]
[Black "Morelli, Basilio"]
[Result "0-1"]
[WhiteElo "1894"]
[BlackElo "1498"]
[PlyCount "76"]
[EventDate "2011.01.22"]

1. Nf3 d5 2. d4 Nf6 3. c4 c6 4. Nc3 e6 5. g3 Be7 6. Bg2 dxc4 7. a4 Nbd7 8. O-O
a5 9. e4 b6 10. Re1 Bb4 11. Qc2 Bb7 12. Bg5 Qc7 13. Bf4 Qd8 14. Rad1 Nh5 15. d5
Nxf4 16. gxf4 Qf6 17. dxe6 fxe6 18. Qd2 O-O-O 19. e5 Qg6 20. Qe3 Nc5 21. Nd4
Nd3 22. Nxe6 Nxe1 23. Rxe1 Qxe6 24. Bh3 Qxh3 25. Qxh3+ Kb8 26. Qe6 Rd2 27. Qxc4
Rhd8 28. Re2 Bxc3 29. bxc3 Rd1+ 30. Kg2 Ka7 31. Re3 c5+ 32. Kg3 Rg1+ 33. Kh3
Bg2+ 34. Kh4 Bd5 35. Qe2 Rf8 36. Rf3 g5+ 37. Kh5 Bxf3+ 38. Qxf3 Rxf4 0-1

[Event "C.to Provinciale FM"]
[Site "Porto Sant'Elpidio ITA"]
[Date "2011.01.22"]
[Round "1"]
[White "Medorini, Massimiliano"]
[Black "Cavalieri, Simone"]
[Result "1-0"]
[WhiteElo "1819"]
[BlackElo "1386"]
[PlyCount "31"]
[EventDate "2011.01.22"]

1. e4 e5 2. Nf3 Nc6 3. Bb5 Nge7 4. O-O d6 5. c3 Bd7 6. d4 g6 7. Be3 a6 8. Bc4
Na5 9. Bxf7+ Kxf7 10. Ng5+ Kg7 11. dxe5 dxe5 12. f4 Nc4 13. Bc1 Nc6 14. Qd5 Nd6
15. fxe5 Ne7 16. Rf7+ 1-0

[Event "C.to Provinciale FM"]
[Site "Porto Sant'Elpidio ITA"]
[Date "2011.01.23"]
[Round "2"]
[White "Allegranti, Luca"]
[Black "Medorini, Massimiliano"]
[Result "1-0"]
[WhiteElo "2033"]
[BlackElo "1819"]
[PlyCount "37"]
[EventDate "2011.01.22"]

1. d4 d5 2. Nf3 Nf6 3. e3 c6 4. Bd3 e6 5. Nbd2 Bd6 6. b3 Nbd7 7. Bb2 O-O 8. O-O
Re8 9. Ne5 Bf8 10. f4 Nxe5 11. fxe5 Nd7 12. Bxh7+ Kxh7 13. Qh5+ Kg8 14. Qxf7+
Kh8 15. Rf3 Be7 16. Rh3+ Bh4 17. Qh5+ Kg8 18. Rxh4 Rf8 19. Qh7+ 1-0

[Event "C.to Provinciale FM"]
[Site "Porto Sant'Elpidio ITA"]
[Date "2011.01.23"]
[Round "2"]
[White "Morelli, Basilio"]
[Black "Ripa', Daniele"]
[Result "0-1"]
[WhiteElo "1498"]
[BlackElo "1921"]
[PlyCount "56"]
[EventDate "2011.01.22"]

1. d4 Nf6 2. c4 g6 3. Nc3 d5 4. cxd5 Nxd5 5. e4 Nxc3 6. bxc3 Bg7 7. Bc4 c5 8.
Ne2 O-O 9. O-O Nc6 10. Be3 Qa5 11. Rb1 a6 12. a4 Rd8 13. Qb3 e6 14. Rfd1 Qc7
15. e5 cxd4 16. cxd4 Na5 17. Qc3 Nxc4 18. Rb4 b5 19. axb5 axb5 20. Rxb5 Ba6 21.
Rc5 Qxc5 22. Bg5 Rd7 23. Ra1 Qb5 24. Qf3 Rda7 25. Qh3 Qb2 26. Re1 Nxe5 27. Nf4
Qxd4 28. Nxe6 Bc8 0-1

[Event "C.to Provinciale FM"]
[Site "Porto Sant'Elpidio ITA"]
[Date "2011.01.23"]
[Round "2"]
[White "Guglielmi, Dante"]
[Black "Copponi, Alice"]
[Result "1-0"]
[WhiteElo "1911"]
[BlackElo "1341"]
[PlyCount "79"]
[EventDate "2011.01.22"]

1. c4 d5 2. cxd5 Qxd5 3. Nf3 Bg4 4. Nc3 Qd7 5. Ne5 Qe6 6. Nxg4 Qxg4 7. g3 Nf6
8. Bg2 Nc6 9. O-O e5 10. Qb3 Rb8 11. Bxc6+ Nd7 12. Bxd7+ Qxd7 13. Qb5 Qxb5 14.
Nxb5 c6 15. Nc3 Bb4 16. d3 O-O 17. Be3 a6 18. Ne4 b6 19. Rac1 f5 20. Nc3 f4 21.
Bd2 Bc5 22. Ne4 Bd4 23. Bc3 fxg3 24. hxg3 c5 25. Bxd4 exd4 26. b4 cxb4 27. Rc4
a5 28. Rxd4 Rbc8 29. Rc4 Rxc4 30. dxc4 Re8 31. f3 Rc8 32. Rc1 b5 33. c5 a4 34.
Rb1 Rd8 35. Rxb4 Rd1+ 36. Kf2 Ra1 37. Nc3 Rc1 38. Nxb5 Rxc5 39. Nd6 Ra5 40.
Rb8# 1-0

[Event "C.to Provinciale FM"]
[Site "Porto Sant'Elpidio ITA"]
[Date "2011.01.23"]
[Round "2"]
[White "Giobbi, Costantino"]
[Black "Piergentili, Roberto"]
[Result "1-0"]
[WhiteElo "1894"]
[BlackElo "1776"]
[PlyCount "77"]
[EventDate "2011.01.22"]

1. d4 d5 2. c4 c6 3. Nf3 Nf6 4. Nc3 dxc4 5. a4 Bf5 6. Ne5 Nbd7 7. Nxc4 Qc7 8.
f3 e5 9. dxe5 Nxe5 10. Nxe5 Qxe5 11. e4 Bb4 12. Bd2 O-O 13. Be2 Be6 14. O-O
Rad8 15. Kh1 Rd4 16. Qe1 Rfd8 17. Be3 R4d7 18. Qf2 Bxc3 19. bxc3 Qxc3 20. Rfc1
Qe5 21. Bxa7 Rd2 22. Be3 Rc2 23. Rd1 Rxd1+ 24. Rxd1 h6 25. Qf1 Qh5 26. Rd8+ Kh7
27. Bd3 Rc3 28. Bd4 Nxe4 29. Bxc3 Qg5 30. Bxe4+ f5 31. Rd1 fxe4 32. fxe4 Qe3
33. Qd3 Qg5 34. Rf1 Qc5 35. Qd4 Qg5 36. Qe5 Qe7 37. Rd1 Qf7 38. Kg1 Bb3 39. Rf1
1-0

[Event "C.to Provinciale FM"]
[Site "Porto Sant'Elpidio ITA"]
[Date "2011.01.23"]
[Round "2"]
[White "Silvestri, Giorgio"]
[Black "Fornelli, Marco"]
[Result "1-0"]
[WhiteElo "1749"]
[BlackElo "1609"]
[PlyCount "67"]
[EventDate "2011.01.22"]

1. d4 d5 2. c4 c6 3. Nc3 e6 4. Nf3 Bd6 5. e4 Ne7 6. c5 Bc7 7. Bd3 b6 8. b4 bxc5
9. bxc5 Ba6 10. Bxa6 Nxa6 11. O-O O-O 12. e5 f6 13. exf6 Rxf6 14. Bg5 Rg6 15.
Qa4 Nb8 16. Ne2 Qf8 17. Ng3 Nf5 18. Be3 Nxe3 19. fxe3 Bxg3 20. hxg3 Rxg3 21.
Qa5 Qe7 22. Rf2 a6 23. Rb1 h5 24. Rfb2 Nd7 25. Qc7 h4 26. Rb8+ Rxb8 27. Rxb8+
Kh7 28. Rb7 Rxf3 29. gxf3 Qg5+ 30. Kf2 Nf6 31. Qf4 Qxf4 32. exf4 Ne8 33. Re7 e5
34. fxe5 1-0

[Event "C.to Provinciale FM"]
[Site "Porto Sant'Elpidio ITA"]
[Date "2011.01.23"]
[Round "3"]
[White "Ripa', Daniele"]
[Black "Allegranti, Luca"]
[Result "1/2-1/2"]
[WhiteElo "1921"]
[BlackElo "2033"]
[PlyCount "41"]
[EventDate "2011.01.22"]

1. e4 e6 2. Qe2 c5 3. Nf3 Nc6 4. g3 Nf6 5. d3 Be7 6. Bg2 e5 7. O-O d6 8. c3 O-O
9. Nbd2 b5 10. a4 b4 11. Nc4 Qc7 12. Nfd2 Rb8 13. f4 Ba6 14. f5 Nd7 15. Ne3 Bg5
16. Nd5 Qd8 17. h4 Bxd2 18. Bxd2 bxc3 19. bxc3 f6 20. g4 Rb2 21. Rab1 1/2-1/2

[Event "C.to Provinciale FM"]
[Site "Porto Sant'Elpidio ITA"]
[Date "2011.01.23"]
[Round "3"]
[White "Miandro, Roberto"]
[Black "Guglielmi, Dante"]
[Result "1-0"]
[WhiteElo "2070"]
[BlackElo "1911"]
[PlyCount "129"]
[EventDate "2011.01.22"]

1. c4 d5 2. cxd5 Qxd5 3. Nc3 Qa5 4. d4 Nf6 5. Bd2 Qb6 6. e3 Bf5 7. b3 e6 8. a3
Be7 9. b4 Ne4 10. Nxe4 Bxe4 11. Nf3 Nd7 12. Be2 O-O 13. O-O Bd6 14. Qa4 c6 15.
Ng5 Nf6 16. b5 Qc7 17. h3 cxb5 18. Qxb5 Bc6 19. Qb3 h6 20. Nf3 Bd5 21. Qb2 Rfc8
22. Rfc1 Qe7 23. Bb4 Ne4 24. Bxd6 Qxd6 25. Ne5 Qe7 26. Bf3 Qd8 27. Nd3 b6 28.
Nb4 Bb7 29. Ra2 Rc7 30. Rxc7 Qxc7 31. Qc2 Qxc2 32. Rxc2 Nd6 33. Bxb7 Nxb7 34.
Rc7 Nd6 35. a4 a5 36. Na2 Rc8 37. Rxc8+ Nxc8 38. Kf1 Kf8 39. Ke2 Ke7 40. Kd3
Kd6 41. e4 Kc6 42. Nc3 Na7 43. Kc4 Nc8 44. d5+ exd5+ 45. exd5+ Kd6 46. Kb5 Kc7
47. Ne4 Kd7 48. g4 g6 49. Ka6 f5 50. gxf5 gxf5 51. Nc3 Kc7 52. Nb5+ Kd7 53. Kb7
f4 54. f3 h5 55. h4 Ne7 56. Kxb6 Nf5 57. Kxa5 Nxh4 58. Kb6 Nxf3 59. a5 h4 60.
a6 h3 61. a7 h2 62. a8=Q h1=Q 63. Qc6+ Kd8 64. Qc7+ Ke8 65. Nd6+ 1-0

[Event "C.to Provinciale FM"]
[Site "Porto Sant'Elpidio ITA"]
[Date "2011.01.23"]
[Round "3"]
[White "Rinaudo, Andrea"]
[Black "Miandro, Steven"]
[Result "1-0"]
[WhiteElo "2090"]
[BlackElo "1827"]
[PlyCount "83"]
[EventDate "2011.01.22"]

1. e4 c5 2. Nf3 d6 3. Bb5+ Bd7 4. Bxd7+ Qxd7 5. c4 Nf6 6. Nc3 e6 7. d4 cxd4 8.
Nxd4 Be7 9. Be3 O-O 10. O-O Nc6 11. f3 a6 12. Rc1 Rac8 13. b3 Nxd4 14. Bxd4 b5
15. cxb5 axb5 16. Qd3 Rb8 17. a4 bxa4 18. bxa4 Rb3 19. Qc4 Rbb8 20. Nb5 Rfc8
21. Qd3 Ne8 22. Rfd1 Rxc1 23. Rxc1 Rc8 24. Rxc8 Qxc8 25. Qc3 Qb7 26. Kf2 h6 27.
Ke3 e5 28. Ba7 Bg5+ 29. Ke2 Be7 30. Be3 Kh7 31. Qc4 Bf8 32. a5 Nf6 33. Nc3 Qb2+
34. Bd2 Qb7 35. a6 Qb6 36. Be3 Qb2+ 37. Kd3 Qxg2 38. Qa2 Qf1+ 39. Qe2 Qa1 40.
a7 Qa6+ 41. Kc2 Qc8 42. Qb5 1-0

[Event "C.to Provinciale FM"]
[Site "Porto Sant'Elpidio ITA"]
[Date "2011.01.23"]
[Round "3"]
[White "Copponi, Alice"]
[Black "Rinaudo, Sergio"]
[Result "0-1"]
[WhiteElo "1341"]
[BlackElo "2142"]
[PlyCount "94"]
[EventDate "2011.01.22"]

1. d4 d5 2. Nc3 Nf6 3. Nf3 e6 4. Bg5 c5 5. e3 Nc6 6. Bb5 h6 7. Bh4 Bd7 8. Ne5
cxd4 9. exd4 Be7 10. O-O O-O 11. h3 Nxe5 12. dxe5 Ne4 13. Bxe7 Qxe7 14. Bxd7
Nxc3 15. Qd3 Qxd7 16. Qxc3 Rfc8 17. Qd3 Qc7 18. c3 Qxe5 19. Rfe1 Qc7 20. Qd4
Qc5 21. Rec1 Qxd4 22. cxd4 Kf8 23. Kf1 Ke7 24. Ke2 Kd7 25. Kd2 Rxc1 26. Rxc1
Rc8 27. Rxc8 Kxc8 28. Ke3 Kd7 29. f4 f6 30. g3 Kd6 31. h4 h5 32. b3 g6 33. a4
a5 34. Kf3 e5 35. fxe5+ fxe5 36. dxe5+ Kxe5 37. Ke3 d4+ 38. Kd3 Kd5 39. Ke2 Ke4
40. Kd2 d3 41. Kd1 Ke3 42. Ke1 d2+ 43. Kd1 Kd3 44. g4 hxg4 45. h5 g3 46. hxg6
g2 47. g7 g1=Q# 0-1

[Event "C.to Provinciale FM"]
[Site "Porto Sant'Elpidio ITA"]
[Date "2011.01.23"]
[Round "3"]
[White "Medorini, Massimiliano"]
[Black "Giobbi, Costantino"]
[Result "1-0"]
[WhiteElo "1819"]
[BlackElo "1894"]
[PlyCount "113"]
[EventDate "2011.01.22"]

1. e4 c5 2. Nf3 e6 3. c3 d5 4. exd5 Qxd5 5. d4 Nf6 6. Be3 Be7 7. Bd3 O-O 8. O-O
Nc6 9. dxc5 Rd8 10. Bc2 Qh5 11. Nd4 Bd7 12. Nxc6 Bxc6 13. Qxh5 Nxh5 14. Na3 b6
15. cxb6 Bxa3 16. bxa3 axb6 17. Rfd1 Rdc8 18. Bxb6 Rxa3 19. c4 f5 20. Bb3 Ba4
21. Bxa4 Rxa4 22. c5 Nf6 23. Rd6 Kf7 24. f3 Ke7 25. Re1 Rxa2 26. Rdxe6+ Kf7 27.
Re7+ Kg6 28. Rc7 Rd8 29. Rxg7+ Kxg7 30. Bxd8 Rc2 31. Be7 Nd7 32. Rd1 Nxc5 33.
Rd5 Ne6 34. Rxf5 Nd4 35. Ra5 Ne2+ 36. Kf1 Nf4 37. Bd6 Rc1+ 38. Kf2 Rc2+ 39. Kg3
Nxg2 40. Re5 Kf6 41. Re4 h5 42. h4 Ra2 43. Re5 Kg6 44. Rg5+ Kf6 45. Rxh5 Ne3
46. Bc5 Nf1+ 47. Kh3 Nh2 48. Rh8 Kg6 49. f4 Nf1 50. h5+ Kf5 51. Rf8+ Ke4 52.
Kh4 Rg2 53. h6 Nd2 54. Kh5 Nf3 55. h7 Rh2+ 56. Kg6 Ne5+ 57. fxe5 1-0

[Event "C.to Provinciale FM"]
[Site "Porto Sant'Elpidio ITA"]
[Date "2011.01.23"]
[Round "3"]
[White "Silvestri, Giorgio"]
[Black "Santinelli, Michele"]
[Result "1-0"]
[WhiteElo "1749"]
[BlackElo "1781"]
[PlyCount "76"]
[EventDate "2011.01.22"]

1. d4 d5 2. c4 e6 3. Nf3 Nf6 4. g3 Bd6 5. c5 Be7 6. Bg2 b6 7. cxb6 axb6 8. O-O
Nbd7 9. Nc3 c5 10. Bf4 O-O 11. Nb5 Nb8 12. Nc7 Ra5 13. Nxd5 Nxd5 14. Bxb8 Ba6
15. Bf4 Nxf4 16. gxf4 Qc7 17. Ne5 cxd4 18. Nc6 Rh5 19. Ne5 Bc5 20. Qd2 f6 21.
Nf3 e5 22. b4 Bd6 23. Rfc1 Qb8 24. Rc6 e4 25. Nxd4 Bxf4 26. Qc2 Bxh2+ 27. Kf1
Be5 28. Rd1 Rd8 29. Ne6 Rxd1+ 30. Qxd1 Bb5 31. Qd7 f5 32. Rc8+ Qxc8 33. Qxc8+
Kf7 34. Nd8+ Kg6 35. Qe6+ Bf6 36. Qf7+ Kh6 37. Nb7 Bd4 38. Nd6 Ba6 1-0

[Event "C.to Provinciale FM"]
[Site "Porto Sant'Elpidio ITA"]
[Date "2011.01.23"]
[Round "3"]
[White "Piergentili, Roberto"]
[Black "Morelli, Basilio"]
[Result "1/2-1/2"]
[WhiteElo "1776"]
[BlackElo "1498"]
[PlyCount "53"]
[EventDate "2011.01.22"]

1. d4 d5 2. c4 c6 3. Nc3 e5 4. dxe5 d4 5. Ne4 Qa5+ 6. Bd2 Qxe5 7. Ng3 Nf6 8.
Nf3 Qd6 9. e3 dxe3 10. Bxe3 Qb4+ 11. Qd2 Qxd2+ 12. Bxd2 Bd6 13. Bc3 Na6 14. Be2
Bb4 15. Bxb4 Nxb4 16. O-O O-O 17. a3 Na6 18. b4 Nc7 19. Nd4 Bd7 20. Bf3 Rfe8
21. Rfe1 a6 22. Rad1 Rxe1+ 23. Rxe1 Ne6 24. Nxe6 Bxe6 25. c5 Rd8 26. Rd1 Rxd1+
27. Bxd1 1/2-1/2

[Event "C.to Provinciale FM"]
[Site "Porto Sant'Elpidio ITA"]
[Date "2011.01.29"]
[Round "4"]
[White "Allegranti, Luca"]
[Black "Miandro, Roberto"]
[Result "0-1"]
[WhiteElo "2033"]
[BlackElo "2070"]
[PlyCount "46"]
[EventDate "2011.01.22"]

1. d4 d5 2. Nf3 e6 3. e3 c5 4. c3 Nd7 5. Nbd2 b6 6. Bd3 Bb7 7. O-O Ngf6 8. Ne5
g6 9. f4 Bg7 10. Qf3 O-O 11. b3 Ne8 12. Ba3 Rc8 13. Qh3 f5 14. Ndf3 Bf6 15.
Rac1 Nxe5 16. Nxe5 Bxe5 17. fxe5 Rf7 18. Qf3 Ng7 19. Qe2 Rcc7 20. Rc2 Qc8 21.
Rfc1 c4 22. bxc4 dxc4 23. Bd6 cxd3 0-1

[Event "C.to Provinciale FM"]
[Site "Porto Sant'Elpidio ITA"]
[Date "2011.01.29"]
[Round "4"]
[White "Rinaudo, Sergio"]
[Black "Ripa', Daniele"]
[Result "1/2-1/2"]
[WhiteElo "2142"]
[BlackElo "1921"]
[PlyCount "113"]
[EventDate "2011.01.22"]

1. d4 Nf6 2. Nf3 g6 3. Nbd2 c5 4. c3 cxd4 5. cxd4 d5 6. e3 Nc6 7. Bd3 Bg7 8.
O-O O-O 9. a3 Qb6 10. b4 e5 11. Nxe5 Nxe5 12. dxe5 Ng4 13. Bb2 Nxe3 14. fxe3
Qxe3+ 15. Kh1 Qxd3 16. Rc1 Bf5 17. Nb3 Rac8 18. Rc5 Rfd8 19. h3 b6 20. Rc1 Be4
21. Qxd3 Bxd3 22. Rfe1 Re8 23. Bd4 Be4 24. Rxc8 Rxc8 25. Nd2 Bf5 26. Nf3 Rc2
27. Re3 Be4 28. Kg1 Bh6 29. Rc3 Rxc3 30. Bxc3 Bxf3 31. gxf3 b5 32. Kf2 Kf8 33.
Ke2 Ke7 34. Kd3 Ke6 35. Kd4 Bf4 36. Kc5 a6 37. Kb6 Bxe5 38. Bd2 Kd7 39. Kxa6
Kc6 40. Bc1 d4 41. a4 bxa4 42. b5+ Kc5 43. Ka5 d3 44. Kxa4 Bc3 45. Be3+ Kd6 46.
Kb3 d2 47. Kc2 h5 48. Kd1 Ba5 49. Ke2 Kd5 50. Bxd2 Bxd2 51. Kxd2 Kc5 52. Kd3
Kxb5 53. Kd4 Kc6 54. Ke5 Kd7 55. Kf6 Ke8 56. f4 Kf8 57. f5 1/2-1/2

[Event "C.to Provinciale FM"]
[Site "Porto Sant'Elpidio ITA"]
[Date "2011.01.29"]
[Round "4"]
[White "Guglielmi, Dante"]
[Black "Rinaudo, Andrea"]
[Result "0-1"]
[WhiteElo "1911"]
[BlackElo "2090"]
[PlyCount "60"]
[EventDate "2011.01.22"]

1. c4 e5 2. Nc3 Nc6 3. g3 g6 4. Bg2 Bg7 5. e3 d6 6. Nge2 Be6 7. Nd5 Nge7 8. O-O
O-O 9. Nec3 Qd7 10. Qa4 Rfe8 11. b4 f5 12. Rb1 e4 13. f3 Bxc3 14. dxc3 Nxd5 15.
cxd5 Bxd5 16. Qb5 Bxa2 17. Ra1 a6 18. Qe2 Bd5 19. c4 exf3 20. Bxf3 Bxf3 21.
Qxf3 Re4 22. b5 Ne5 23. Qd1 Qe6 24. bxa6 Rxa6 25. Rxa6 bxa6 26. Qa4 Rxc4 27.
Qxa6 Rc2 28. Qa8+ Kg7 29. Qb7 Qa2 30. h3 d5 0-1

[Event "C.to Provinciale FM"]
[Site "Porto Sant'Elpidio ITA"]
[Date "2011.01.29"]
[Round "4"]
[White "Medorini, Massimiliano"]
[Black "Silvestri, Giorgio"]
[Result "1-0"]
[WhiteElo "1819"]
[BlackElo "1749"]
[PlyCount "47"]
[EventDate "2011.01.22"]

1. e4 e6 2. d4 d5 3. Nc3 Nf6 4. Bg5 dxe4 5. Nxe4 Be7 6. Bxf6 Bxf6 7. Nf3 Be7 8.
Bd3 O-O 9. h4 b6 10. Qe2 g6 11. O-O-O Nc6 12. Qe3 Kg7 13. h5 Rh8 14. hxg6 hxg6
15. Ng3 Bh4 16. Nxh4 Rxh4 17. Rxh4 Qxh4 18. Rh1 Qxd4 19. Qh6+ Kf6 20. Bxg6 fxg6
21. Rh4 Qd8 22. Nh5+ Ke7 23. Qg5+ Kd6 24. Rd4+ 1-0

[Event "C.to Provinciale FM"]
[Site "Porto Sant'Elpidio ITA"]
[Date "2011.01.29"]
[Round "4"]
[White "Miandro, Steven"]
[Black "Morelli, Basilio"]
[Result "1-0"]
[WhiteElo "1827"]
[BlackElo "1498"]
[PlyCount "105"]
[EventDate "2011.01.22"]

1. d4 d5 2. c4 c6 3. Nf3 Nf6 4. Nc3 e6 5. Bg5 Be7 6. e3 Nbd7 7. Bd3 O-O 8. O-O
b6 9. Rc1 Re8 10. Qc2 Nf8 11. e4 dxe4 12. Nxe4 Bb7 13. Nxf6+ Bxf6 14. Bxf6 Qxf6
15. Be4 Rab8 16. Rfd1 Red8 17. Qa4 c5 18. Bxb7 Rxb7 19. dxc5 Rxd1+ 20. Rxd1
bxc5 21. b3 Rd7 22. Re1 Qd8 23. g3 Rd3 24. Qc6 Qa5 25. Re2 Qc3 26. Kg2 Qa5 27.
Ne5 Qd8 28. Nxd3 Qxd3 29. Qe4 Qd6 30. Re3 g6 31. Rd3 Qb6 32. Qe5 Qc6+ 33. f3
Nd7 34. Qd6 Qxd6 35. Rxd6 Nb6 36. Rc6 Kf8 37. Rxc5 Ke7 38. Re5 Kd7 39. Kf1 Kd6
40. Re2 Kc5 41. Rd2 a5 42. Ke2 a4 43. Kd3 axb3 44. axb3 Nd7 45. Kc3 Ne5 46. b4+
Kc6 47. f4 Nd7 48. b5+ Kc7 49. Kb4 Nf6 50. Ka5 Ne4 51. b6+ Kc6 52. Rd8 Nc5 53.
Rc8+ 1-0

[Event "C.to Provinciale FM"]
[Site "Porto Sant'Elpidio ITA"]
[Date "2011.01.29"]
[Round "4"]
[White "Fornelli, Marco"]
[Black "Giobbi, Costantino"]
[Result "0-1"]
[WhiteElo "1609"]
[BlackElo "1894"]
[PlyCount "94"]
[EventDate "2011.01.22"]

1. d4 Nf6 2. Nf3 e6 3. e3 b6 4. Bd3 Bb7 5. Nbd2 d5 6. c4 Be7 7. b3 O-O 8. Bb2
c5 9. Ne5 Nc6 10. O-O cxd4 11. exd4 dxc4 12. Nxc6 Bxc6 13. bxc4 Qc7 14. Re1 Qb7
15. f3 Nh5 16. Be4 Rfe8 17. Qc2 h6 18. a4 Rac8 19. Rac1 Qd7 20. Bxc6 Rxc6 21.
Ne4 Rec8 22. Qb3 Nf4 23. Kf2 Qc7 24. Nd2 Qb7 25. Ne4 Qa6 26. Nd2 Bg5 27. Red1
Nd5 28. Ra1 Ne3 29. Ke1 Nxd1 30. Kxd1 Bxd2 31. Kxd2 Rxc4 32. Rc1 Rxc1 33. Bxc1
Qf1 34. Qd1 Qxg2+ 35. Ke3 Qg5+ 36. f4 Qg2 37. Bd2 Qh3+ 38. Ke4 Qxh2 39. Qe1 Rc2
40. Kd3 Rxd2+ 41. Qxd2 Qxd2+ 42. Kxd2 Kf8 43. Ke3 Ke7 44. Ke4 Kd6 45. f5 exf5+
46. Kf4 Kd5 47. Ke3 h5 0-1

[Event "C.to Provinciale FM"]
[Site "Porto Sant'Elpidio ITA"]
[Date "2011.01.29"]
[Round "4"]
[White "Santinelli, Michele"]
[Black "Copponi, Alice"]
[Result "1-0"]
[WhiteElo "1781"]
[BlackElo "1341"]
[PlyCount "125"]
[EventDate "2011.01.22"]

1. d4 Nf6 2. Nf3 d5 3. Bf4 e6 4. e3 Nc6 5. c3 Bd6 6. Bxd6 cxd6 7. Bb5 Bd7 8.
Nbd2 Qb6 9. c4 O-O 10. O-O dxc4 11. Bxc4 Qxb2 12. Rb1 Qc3 13. Qe2 d5 14. Bd3
Nb4 15. Bb5 Nxa2 16. Bxd7 Nxd7 17. Rxb7 Nb6 18. Qa6 Nb4 19. Qa5 g6 20. Rb1 Rac8
21. Qxb4 Qxb4 22. Rxb4 Rc1+ 23. Nf1 Ra1 24. g3 Rc8 25. Kg2 Rcc1 26. N1d2 Ra2
27. e4 Nc4 28. Nxc4 dxc4 29. Rb2 Ra3 30. Rb1 Rc2 31. R7b2 Rcc3 32. Ne5 Rab3 33.
Nc6 Rxb2 34. Rxb2 Rb3 35. Rc2 c3 36. Nxa7 Kf8 37. Nc6 Ke8 38. Kf3 Kd7 39. Ne5+
Ke7 40. Ke3 f6 41. Nf3 Kd6 42. Kd3 Rb1 43. Kxc3 Rb8 44. Nd2 e5 45. Nc4+ Ke6 46.
d5+ Kd7 47. Rb2 Rc8 48. Rb7+ Kd8 49. Rxh7 Rc5 50. Kb4 Rc8 51. Rh8+ Kd7 52. Nb6+
Kc7 53. Nxc8 Kd7 54. Kc5 Kc7 55. d6+ Kd7 56. Nb6+ Ke6 57. Re8+ Kf7 58. d7 f5
59. d8=Q g5 60. Qd7+ Kg6 61. Qxf5+ Kg7 62. Re7+ Kh6 63. Qh7# 1-0

[Event "C.to Provinciale FM"]
[Site "Porto Sant'Elpidio ITA"]
[Date "2011.01.29"]
[Round "4"]
[White "Cavalieri, Simone"]
[Black "Piergentili, Roberto"]
[Result "0-1"]
[WhiteElo "1386"]
[BlackElo "1776"]
[PlyCount "54"]
[EventDate "2011.01.22"]

1. d4 d5 2. Bf4 Nf6 3. Nf3 c5 4. e3 Nc6 5. c3 Qb6 6. Qc2 Bf5 7. Bd3 Bxd3 8.
Qxd3 Qxb2 9. O-O Qxa1 10. Qc2 cxd4 11. exd4 Rc8 12. Nbd2 Nxd4 13. Qa4+ b5 14.
Qxd4 Qxc3 15. Qxa7 Qc5 16. Qa5 Nd7 17. Nb3 Qb6 18. Qd2 e6 19. Be3 Qd8 20. Bg5
Be7 21. Bxe7 Qxe7 22. Qd3 Qb4 23. Nfd4 O-O 24. Nxb5 Nc5 25. Nxc5 Rxc5 26. Rb1
Qc4 27. Qxc4 Rxc4 0-1

[Event "C.to Provinciale FM"]
[Site "Porto Sant'Elpidio ITA"]
[Date "2011.01.30"]
[Round "5"]
[White "Miandro, Roberto"]
[Black "Medorini, Massimiliano"]
[Result "1-0"]
[WhiteElo "2070"]
[BlackElo "1819"]
[PlyCount "69"]
[EventDate "2011.01.22"]

1. c4 c6 2. Nf3 Nf6 3. g3 d5 4. b3 Bf5 5. Bg2 e6 6. Bb2 Nbd7 7. d3 Bd6 8. Nbd2
Qc7 9. Rc1 O-O 10. cxd5 exd5 11. Nd4 Bg6 12. Nb5 Qb8 13. Nxd6 Qxd6 14. O-O Rfe8
15. Nf3 a5 16. a3 a4 17. b4 b6 18. Re1 c5 19. Bc3 Ng4 20. h3 Nge5 21. Nh4 Ra7
22. Nxg6 Nxg6 23. Rb1 h5 24. e3 h4 25. g4 Nge5 26. d4 Nc4 27. bxc5 bxc5 28.
dxc5 Qxc5 29. Bd4 Qc7 30. Bxa7 Qxa7 31. Rb4 Ndb6 32. Qd4 Qa5 33. Rd1 Rb8 34.
Bxd5 Nxa3 35. Be4 1-0

[Event "C.to Provinciale FM"]
[Site "Porto Sant'Elpidio ITA"]
[Date "2011.01.30"]
[Round "5"]
[White "Rinaudo, Andrea"]
[Black "Ripa', Daniele"]
[Result "1-0"]
[WhiteElo "2090"]
[BlackElo "1921"]
[PlyCount "51"]
[EventDate "2011.01.22"]

1. e4 c5 2. Nf3 e6 3. d4 cxd4 4. Nxd4 Nf6 5. Bd3 Nc6 6. Nxc6 bxc6 7. O-O d5 8.
Nd2 e5 9. Qe2 Qc7 10. f4 Bc5+ 11. Kh1 O-O 12. exd5 exf4 13. Ne4 Nxe4 14. Qxe4
g6 15. Bxf4 Qb6 16. Bh6 cxd5 17. Qf4 Be6 18. Bxf8 Rxf8 19. b3 Be3 20. Qf3 Bd4
21. Rae1 Bc3 22. Re2 Qd6 23. Bxg6 hxg6 24. Qxc3 Qa6 25. Ref2 Qxa2 26. Ra1 1-0